UBT Library

A Guaranteed annual income : (Record no. 39597)

000 -LEADER
fixed length control field 00668cam a2200229 i 4500
001 - CONTROL NUMBER
control field 3717491
005 - DATE AND TIME OF LATEST TRANSACTION
control field 20180103034754.0
008 - FIXED-LENGTH DATA ELEMENTS--GENERAL INFORMATION
fixed length control field 800925s1980 nyua b 001 0 eng
010 ## - LIBRARY OF CONGRESS CONTROL NUMBER
LC control number 80023150
020 ## - INTERNATIONAL STANDARD BOOK NUMBER
International Standard Book Number 0125898800
040 ## - CATALOGING SOURCE
Original cataloging agency DLC
Transcribing agency DLC
Modifying agency DLC
-- OCoLC
-- DLC
041 ## - LANGUAGE CODE
Language code of text/sound track or separate title eng
043 ## - GEOGRAPHIC AREA CODE
Geographic area code n-us---
-- n-us-co
-- n-us-wa
080 ## - UNIVERSAL DECIMAL CLASSIFICATION NUMBER
Universal Decimal Classification number 362.582
082 00 - DEWEY DECIMAL CLASSIFICATION NUMBER
Classification number 362.582 ROB
Edition number 19
100 ## - Rafti
Rafti 55
101 ## - Shkurtesa
Shkurtesa TAK
245 02 - TITLE STATEMENT
Title A Guaranteed annual income :
Statement of responsibility, etc edited by Philip K. Robins ... [et al.].
504 ## - BIBLIOGRAPHY, ETC. NOTE
Bibliography, etc Includes bibliographies and index.
906 ## - LOCAL DATA ELEMENT F, LDF (RLIN)
a 7
b cbc
c orignew
d u
e ocip
f 19
g y-gencatlg
942 ## - ADDED ENTRY ELEMENTS (KOHA)
Source of classification or shelving scheme
Item type Books
Holdings
Withdrawn status Lost status Source of classification or shelving scheme Damaged status Not for loan Collection code Permanent location Current location Shelving location Date acquired Total Checkouts Full call number Barcode Date last seen Price effective from Koha item type
          Koleksioni i përgjithshem UBT - Lipjan UBT - Lipjan Koleksioni i lëndeve mesimore 01/03/2018   362.582 ROB 002-2994206 01/03/2018 01/03/2018 Books
UBT Library © 2015-2024. All rights reserved University Education for Business and Technology